000
00289nam a2200121Ia 4500
008
191201s2015 xx 000 0 und d
100
_a
DAYARATNAM,P
245
0
_a
Design of Steel Structures
260
_a
N. delhi
_b
S Chand
_c
2015
300
_a
868
650
_a
B.Tech(CE)
942
_2
ddc
_c
BK
999
_c
6496
_d
6496